|
|
|
|
| LEADER |
00000nam0a2200000 4500 |
| 001 |
249507 |
| 005 |
20231101232459.0 |
| 010 |
|
|
|a 5250002412
|
| 020 |
|
|
|a RU
|b 89-2045
|
| 035 |
|
|
|a (RuTPU)RU\TPU\book\271596
|
| 090 |
|
|
|a 249507
|
| 100 |
|
|
|a 20140205d1988 k a0rusy5003 ca
|
| 101 |
0 |
|
|a rus
|
| 102 |
|
|
|a RU
|
| 105 |
|
|
|a y z 001zy
|
| 200 |
1 |
|
|a Марксизм-ленинизм и реалии конца XX столетия
|f под ред. Б. И. Коваля
|
| 210 |
|
|
|a Москва
|c Политиздат
|d 1988
|
| 215 |
|
|
|a 397 с.
|
| 606 |
1 |
|
|a Марксизм-ленинизм
|x Философия
|2 stltpush
|3 (RuTPU)RU\TPU\subj\41050
|9 60869
|
| 610 |
1 |
|
|a общественное развитие
|
| 610 |
1 |
|
|a 20 век
|
| 610 |
1 |
|
|a мировое развитие
|
| 610 |
1 |
|
|a войны
|
| 610 |
1 |
|
|a мир
|
| 610 |
1 |
|
|a проблемы
|
| 610 |
1 |
|
|a социальный прогресс
|
| 610 |
1 |
|
|a противоречия
|
| 610 |
1 |
|
|a общественное сознание
|
| 610 |
1 |
|
|a идеологическая борьба
|
| 686 |
|
|
|a Ю0
|2 rubbk
|
| 702 |
|
1 |
|a Коваль
|b Б. И.
|4 340
|
| 801 |
|
0 |
|a RU
|b RuMRKP
|c 19950417
|g psbo
|
| 801 |
|
1 |
|a RU
|b 63413507
|c 20140205
|
| 801 |
|
2 |
|a RU
|b 63413507
|c 20140211
|g RCR
|
| 942 |
|
|
|c BK
|